| 000 | 00389cam a2200121ua 4500 | ||
|---|---|---|---|
| 008 | 220928b |||||||| |||| 00| 0 eng d | ||
| 041 | _aeng | ||
| 082 |
_a627.824 _bIND/CO |
||
| 245 | _aCode of practice for drainage system for gravity dams, their foundations and abutments,IS:10135-1985 / | ||
| 260 |
_aNew Delhi : _bIndian standards institution , _c1986. |
||
| 300 | _a12 ; . | ||
| 942 | _cBK | ||
| 999 |
_c4658 _d4658 |
||